Design and specification (Record no. 115331)

MARC details
000 -LEADER
fixed length control field 01353cam a22003015a 4500
001 - CONTROL NUMBER
control field L158469
008 - FIXED-LENGTH DATA ELEMENTS--GENERAL INFORMATION
fixed length control field 081030s2013 xxk f v 000 0 eng d
020 ## - INTERNATIONAL STANDARD BOOK NUMBER
International Standard Book Number 9781783210015
035 ## - SYSTEM CONTROL NUMBER
System control number (Sirsi) u158469
041 0# - LANGUAGE CODE
Language code of text/sound track or separate title eng
110 2# - MAIN ENTRY--CORPORATE NAME
Corporate name or jurisdiction name as entry element Royal Institution of Chartered Surveyors
9 (RLIN) 4900
245 00 - TITLE STATEMENT
Title Design and specification
Medium [electronic resource]
250 ## - EDITION STATEMENT
Edition statement 1st ed.
260 ## - PUBLICATION, DISTRIBUTION, ETC.
Place of publication, distribution, etc. London
Name of publisher, distributor, etc. RICS
Date of publication, distribution, etc. 2013
300 ## - PHYSICAL DESCRIPTION
Extent 51 p.
490 #0 - SERIES STATEMENT
Series statement RICS Guidance Note
Volume/sequential designation (GN 110/2013)
505 ## - FORMATTED CONTENTS NOTE
Formatted contents note Introduction -- Design and the lead consultant -- Principles behind the role -- Design process management -- Establishing the project -- Outline design and specification -- Preparing for detailed design -- Design production -- Towards building occupation -- Bibliography -- Appendices.
520 ## - SUMMARY, ETC.
Summary, etc. Provides professional practitioners with best practice guidance relevant to the tasks and processes of design and specification for small to medium-size construction projects.
521 ## - TARGET AUDIENCE NOTE
Target audience note Advanced
590 ## - LOCAL NOTE (RLIN)
Local note KA
650 24 - SUBJECT ADDED ENTRY--TOPICAL TERM
Topical term or geographic name entry element DESIGN CONTROL
650 24 - SUBJECT ADDED ENTRY--TOPICAL TERM
Topical term or geographic name entry element SPECIFICATIONS
650 24 - SUBJECT ADDED ENTRY--TOPICAL TERM
Topical term or geographic name entry element LEAD CONSULTANT
651 #4 - SUBJECT ADDED ENTRY--GEOGRAPHIC NAME
Geographic name United Kingdom
690 ## - LOCAL SUBJECT ADDED ENTRY--TOPICAL TERM (OCLC, RLIN)
Topical term or geographic name as entry element Design and specification
856 41 - ELECTRONIC LOCATION AND ACCESS
Uniform Resource Identifier <a href="https://www.rics.org/uk/upholding-professional-standards/sector-standards/building-control/design-and-specification/">https://www.rics.org/uk/upholding-professional-standards/sector-standards/building-control/design-and-specification/</a>
Public note Available on RICS.org
942 ## - ADDED ENTRY ELEMENTS (KOHA)
Suppress in OPAC 0
Source of classification or shelving scheme Dewey Decimal Classification
Holdings
Withdrawn status Lost status Source of classification or shelving scheme Damaged status Not for loan Home library Current library Shelving location Date acquired Total Checkouts Full call number Barcode Date last seen Copy number Price effective from Koha item type
    Dewey Decimal Classification     London London RICS Boxes 12/03/2015   RICS 2013/17 30078811 06/08/2019 1 06/08/2019 Book
    Dewey Decimal Classification     Virtual Virtual Online 12/03/2015   ONLINE PUBLICATION 158469-2001 06/08/2019 1 06/08/2019 Book